La crítica de la religión en Karl Marx / (Registro nro. 122017)

Detalles MARC
000 -LEADER
campo de control de longitud fija 00496nam a2200169 4500
001 - NÚMERO DE CONTROL
campo de control 122017
003 - IDENTIFICADOR DE NÚMERO DE CONTROL
campo de control ES-MaACL
005 - FECHA Y HORA DE LA ÚLTIMA TRANSACCIÓN
campo de control 20230906191906.0
007 - CAMPO FIJO DE DESCRIPCIÓN FÍSICA--INFORMACIÓN GENERAL
campo de control de longitud fija t|
008 - DATOS DE LONGITUD FIJA--INFORMACIÓN GENERAL
campo de control de longitud fija 070214s1972 sp r ||||1| spa d
100 1# - ENTRADA PRINCIPAL--NOMBRE DE PERSONA
Nombre de persona Post, Werner.
9 (RLIN) 93353
245 13 - MENCIÓN DEL TÍTULO
Título La crítica de la religión en Karl Marx /
Mención de responsabilidad, etc. Werner Post ; versión de Rufino Jimeno.
260 ## - PUBLICACIÓN, DISTRIBUCIÓN, ETC.
Lugar de publicación, distribución, etc. Barcelona :
Nombre del editor, distribuidor, etc. Herder,
Fecha de publicación, distribución, etc. 1972.
300 ## - DESCRIPCIÓN FÍSICA
Extensión 333 p. ;
Dimensiones 22 cm.
700 1# - ENTRADA AGREGADA--NOMBRE PERSONAL
Nombre de persona Jimeno, Rufino.
9 (RLIN) 66642
852 ## - LOCALIZACIÓN
Ubicación ES-MaACL
Número de control de estantería C-43750
Sublocalización o colección R.83346
Existencias
Estatus retirado Estado de pérdida Estado de daño No para préstamo Biblioteca de origen Biblioteca actual Ubicación en estantería Fecha de adquisición Fuente de adquisición Total de préstamos Signatura topográfica completa Código de barras Visto por última vez Precio de reemplazo Tipo de ítem Koha
        Biblioteca del Ateneo de Madrid Biblioteca del Ateneo de Madrid Depósito 2 17/01/2008     C-43750 1127156 23/02/2023 23/02/2023 Libro impreso